[Event "Nuremberg LGA Cup 7th"]
[Site "Nuremberg"]
[Date "2010.09.03"]
[Round "2"]
[White "Bayer, Rolf"]
[Black "Maurer, Christian"]
[Result "0-1"]
[WhiteElo "1732"]
[BlackElo "1990"]
[PlyCount "108"]
[EventDate "2010.09.02"]
[EventType "swiss"]
[EventRounds "7"]
[EventCountry "GER"]
[SourceTitle "CBM 138 Extra"]
[Source "ChessBase"]
[SourceDate "2010.10.29"]
[SourceVersion "1"]
[SourceVersionDate "2010.10.29"]
[SourceQuality "1"]

1. e4 c5 2. Nf3 Nc6 3. d4 cxd4 4. Nxd4 e6 5. Nc3 a6 6. Be2 Nge7 7. 0-0 Nxd4 8. Qxd4 Nc6 9. Qd1 Qc7 10. Be3 b5 11. a3 Be7 12. f4 Bb7 13. Bf3 Na5 14. Kh1 Nc4 15. Qc1 Nxe3 16. Qxe3 0-0 17. e5 Bxf3 18. Rxf3 d6 19. exd6 Bxd6 20. Ne4 Rfd8 21. c3 Rd7 22. Raf1 Rad8 23. Nxd6 Qxd6 24. h3 g6 25. Qe2 Qc5 26. R3f2 Rd3 27. Qc2 Qd5 28. Kh2 Kf8 29. Qc1 Rd2 30. Kg3 h5 31. Rxd2 Qxd2 32. Qxd2 Rxd2 33. Rf2 Rd5 34. Re2 Ke7 35. Kf3 Kd6 36. Ke3 a5 37. b3 Kc5 38. Kf3 a4 39. bxa4 bxa4 40. Re4 Rd3+ 41. Ke2 Rxc3 42. Rxa4 Rc2+ 43. Kf3 Kb6 44. Rb4+ Kc6 45. Rb3 Kd6 46. g4 hxg4+ 47. hxg4 Rc7 48. Rd3+ Ke7 49. g5 f6 50. gxf6+ Kxf6 51. Kg4 Rc4 52. Re3 g5 53. Kf3 gxf4 54. Rb3 Kf5 0-1

[Event "Mittelfranken Mitte-ch 0910"]
[Site "Zirndorf"]
[Date "2010.01.09"]
[Round "7"]
[White "Bayer, Rolf"]
[Black "Thuerauf, Peter"]
[Result "1/2-1/2"]
[WhiteElo "1725"]
[BlackElo "1932"]
[PlyCount "47"]
[EventDate "2010.01.03"]
[EventType "swiss"]
[EventRounds "7"]
[EventCountry "GER"]
[SourceTitle "EXT 2015"]
[Source "ChessBase"]
[SourceDate "2014.11.20"]
[SourceVersion "1"]
[SourceVersionDate "2014.11.20"]
[SourceQuality "1"]

1. e4 c5 2. Nf3 e6 3. d4 cxd4 4. Nxd4 Nf6 5. Bd3 Nc6 6. Nxc6 bxc6 7. 0-0 d6 8. c4 Be7 9. Nc3 0-0 10. b3 e5 11. Kh1 Bd7 12. Qe1 Qc7 13. f3 Nh5 14. Ne2 g5 15. g4 Ng7 16. Ng3 Bf6 17. Be3 Ne6 18. Rd1 Nf4 19. Bb1 Be6 20. Nh5 Nxh5 21. gxh5 h6 22. h4 Kh7 23. hxg5 Bxg5 24. Qd2 1/2-1/2

[Event "Mittelfranken Mitte-ch 0910"]
[Site "Zirndorf"]
[Date "2010.01.06"]
[Round "5"]
[White "Bayer, Rolf"]
[Black "Wittmann, Norbert"]
[Result "1/2-1/2"]
[WhiteElo "1725"]
[BlackElo "1733"]
[PlyCount "131"]
[EventDate "2010.01.03"]
[EventType "swiss"]
[EventRounds "7"]
[EventCountry "GER"]
[SourceTitle "EXT 2015"]
[Source "ChessBase"]
[SourceDate "2014.11.20"]
[SourceVersion "1"]
[SourceVersionDate "2014.11.20"]
[SourceQuality "1"]

1. e4 d5 2. exd5 Nf6 3. d4 Qxd5 4. c4 Qd6 5. Nc3 g6 6. Nf3 Bg4 7. Be3 Bg7 8. h3 Bf5 9. Qd2 0-0 10. Bh6 Nc6 11. Bxg7 Kxg7 12. g4 Ne4 13. Qe3 Nb4 14. 0-0-0 Nxc3 15. bxc3 Nc2 16. Qe5+ Qxe5 17. Nxe5 Be4 18. f3 Ne3 19. Re1 Nxf1 20. Rhxf1 f6 21. Rxe4 fxe5 22. Rxe5 Rf7 23. Kd2 Rd8 24. Ke3 Rd6 25. Rf2 Rb6 26. c5 Rb1 27. f4 Rh1 28. Rf3 Rh2 29. a4 Ra2 30. f5 Rxa4 31. Rd5 Ra3 32. Ke4 Rb3 33. Rd7 c6 34. Ke5 Rb1 35. Re3 a5 36. Ke6 Kf8 37. Rd8+ Kg7 38. Re8 a4 39. Ra8 Rf1 40. fxg6 hxg6 41. Rxa4 R7f6+ 42. Ke5 R1f3 43. Ke4 R6f4+ 44. Kd3 e5 45. Rb4 e4+ 46. Kd2 Rf7 47. Rxf3 exf3 48. Ke1 Kh6 49. Kf2 Kg5 50. Rb2 Kh4 51. Rd2 Kxh3 52. c4 Kxg4 53. d5 cxd5 54. cxd5 Kf4 55. c6 bxc6 56. dxc6 Rc7 57. Rd3 Rxc6 58. Rxf3+ Kg4 59. Rg3+ Kh4 60. Rd3 g5 61. Kg2 Rc2+ 62. Kg1 g4 63. Kh1 g3 64. Rd8 Rc5 65. Kg2 Rc2+ 66. Kg1 1/2-1/2

[Event "Mittelfranken Mitte-ch 0910"]
[Site "Zirndorf"]
[Date "2010.01.03"]
[Round "2"]
[White "Bayer, Rolf"]
[Black "Siegl, Melina"]
[Result "1-0"]
[WhiteElo "1725"]
[BlackElo "1348"]
[PlyCount "53"]
[EventDate "2010.01.03"]
[EventType "swiss"]
[EventRounds "7"]
[EventCountry "GER"]
[SourceTitle "EXT 2015"]
[Source "ChessBase"]
[SourceDate "2014.11.20"]
[SourceVersion "1"]
[SourceVersionDate "2014.11.20"]
[SourceQuality "1"]

1. e4 c5 2. Nf3 Nc6 3. Bc4 e6 4. Nc3 d5 5. exd5 exd5 6. Bxd5 Bf5 7. Qe2+ Be7 8. d3 Nf6 9. Bb3 0-0 10. 0-0 Bg4 11. Be3 Re8 12. h3 Bh5 13. g4 Bg6 14. Nh4 Nd4 15. Bxd4 cxd4 16. Nxg6 hxg6 17. Ne4 Bd6 18. Qf3 Rf8 19. Rae1 Bb4 20. Nxf6+ gxf6 21. Re4 Qb6 22. Qf4 Bc5 23. Qh6 f5 24. gxf5 gxf5 25. Qg5+ Kh8 26. Rh4+ Qh6 27. Rxh6# 1-0

[Event "Nuremberg Zabo op 11th"]
[Site "Nuremberg"]
[Date "2009.09.20"]
[Round "4"]
[White "Bayer, Rolf"]
[Black "Umrath, Stephan"]
[Result "1-0"]
[WhiteElo "1568"]
[BlackElo "1390"]
[PlyCount "117"]
[EventDate "2009.09.18"]
[EventType "swiss"]
[EventRounds "5"]
[EventCountry "GER"]
[SourceTitle "EXT 2012"]
[Source "ChessBase"]
[SourceDate "2011.11.24"]
[SourceVersion "1"]
[SourceVersionDate "2011.11.24"]
[SourceQuality "1"]

1. e4 c5 2. Nf3 Nc6 3. Nc3 d6 4. d4 cxd4 5. Nxd4 Nf6 6. Bg5 e5 7. Ndb5 a6 8. Na3 Be7 9. Bxf6 Bxf6 10. Nd5 b5 11. c3 0-0 12. Nc2 Bb7 13. Nce3 g6 14. Be2 Bg7 15. 0-0 Ne7 16. Nxe7+ Qxe7 17. Nd5 Qd8 18. a4 Bc6 19. axb5 axb5 20. Rxa8 Qxa8 21. Ne7+ Kh8 22. Nxc6 Qxc6 23. Qd3 Rb8 24. Rd1 Bf8 25. g4 g5 26. Qf3 Kg7 27. Kg2 Ra8 28. Qd3 Ra2 29. Qb1 Ra8 30. Qc1 h6 31. Qd2 Ra4 32. f3 Qb6 33. Qc2 Ra5 34. b4 Ra3 35. Rd5 Qc6 36. Bxb5 Rxc3 37. Qf2 Qc7 38. Be2 Rc2 39. b5 Rb2 40. Kf1 Rb1+ 41. Rd1 Rb2 42. Qe3 Be7 43. Rc1 Qa5 44. Qc3 Qa2 45. Qd3 Kg6 46. h3 h5 47. gxh5+ Kh6 48. Qc4 Qxc4 49. Bxc4 f6 50. Rd1 Kxh5 51. Be2 Kh4 52. Kf2 Bf8 53. Ke3 Kg3 54. Rg1+ Kh2 55. Ra1 Kxh3 56. Rh1+ Kg2 57. Rh8 Be7 58. Re8 Rb3+ 59. Bd3 1-0

[Event "Nuremberg Zabo op 11th"]
[Site "Nuremberg"]
[Date "2009.09.19"]
[Round "3"]
[White "Koerber, Thomas"]
[Black "Bayer, Rolf"]
[Result "1-0"]
[WhiteElo "1879"]
[BlackElo "1568"]
[PlyCount "33"]
[EventDate "2009.09.18"]
[EventType "swiss"]
[EventRounds "5"]
[EventCountry "GER"]
[SourceTitle "EXT 2012"]
[Source "ChessBase"]
[SourceDate "2011.11.24"]
[SourceVersion "1"]
[SourceVersionDate "2011.11.24"]
[SourceQuality "1"]

1. d4 e5 2. dxe5 Nc6 3. Nf3 Qe7 4. g3 Nxe5 5. Bg2 Nxf3+ 6. Bxf3 Nf6 7. Nc3 c6 8. 0-0 g6 9. e4 d6 10. Re1 Bg7 11. Bf4 Bf8 12. e5 dxe5 13. Bxe5 Bg7 14. Bxf6 Bxf6 15. Rxe7+ Bxe7 16. Qd4 0-0 17. Re1 1-0

[Event "Mittelfranken Mitte-ch 0809"]
[Site "Zirndorf"]
[Date "2009.01.10"]
[Round "3"]
[White "Bayer, Rolf"]
[Black "Luther, Helmut"]
[Result "0-1"]
[WhiteElo "1615"]
[BlackElo "1930"]
[PlyCount "38"]
[EventDate "2009.01.06"]
[EventType "swiss"]
[EventRounds "7"]
[EventCountry "GER"]
[SourceTitle "EXT 2015"]
[Source "ChessBase"]
[SourceDate "2014.11.20"]
[SourceVersion "1"]
[SourceVersionDate "2014.11.20"]
[SourceQuality "1"]

1. e4 d5 2. exd5 Qxd5 3. Nc3 Qa5 4. d4 Nf6 5. Bc4 Bg4 6. Nf3 c6 7. Bd2 e6 8. Qe2 Bb4 9. h3 Bh5 10. g4 Bg6 11. Ne5 Nbd7 12. Nxd7 Nxd7 13. d5 cxd5 14. Bb3 0-0-0 15. 0-0-0 Nc5 16. Kb1 Nxb3 17. axb3 Rd6 18. Kc1 Rc6 19. Qe3 Qa1+ 0-1

[Event "Nuremberg-ch op 04th"]
[Site "Nuremberg"]
[Date "2004.05.21"]
[Round "1"]
[White "Bayer, Rolf"]
[Black "Suess, Stefan"]
[Result "0-1"]
[WhiteElo "1604"]
[BlackElo "2041"]
[PlyCount "84"]
[EventDate "2004.05.21"]
[EventType "swiss"]
[EventRounds "5"]
[EventCountry "GER"]
[SourceTitle "EXT 2006"]
[Source "ChessBase"]
[SourceDate "2005.11.24"]
[SourceVersion "1"]
[SourceVersionDate "2005.11.24"]
[SourceQuality "1"]

1. e4 c5 2. Nf3 e6 3. d4 cxd4 4. Nxd4 a6 5. c4 Qc7 6. Nc3 Nf6 7. Be2 d6 8. 0-0 Nbd7 9. Be3 b6 10. Rc1 Bb7 11. f3 Rc8 12. Qd2 Qb8 13. b3 Be7 14. Kh1 0-0 15. g4 Bd8 16. g5 Ne8 17. f4 g6 18. Bf3 e5 19. Nde2 exf4 20. Bxf4 Ne5 21. Bg2 Be7 22. Nd5 Bxd5 23. cxd5 Ng7 24. Nd4 Nh5 25. Bxe5 dxe5 26. Nc6 Qd6 27. Nxe7+ Qxe7 28. Rxc8 Rxc8 29. Rc1 Rxc1+ 30. Qxc1 Nf4 31. Qc8+ Kg7 32. Qg4 Qa3 33. h4 Qxa2 34. d6 Qd2 35. d7 Nxg2 36. Qxg2 Qxd7 37. Qf3 Qe6 38. Kg2 a5 39. Kg3 b5 40. Qd3 a4 41. bxa4 bxa4 42. Qd2 a3 0-1

[Event "Mittelfranken Mitte-ch 9899"]
[Site "Zirndorf"]
[Date "1999.??.??"]
[Round "2"]
[White "Bayer, Rolf"]
[Black "Grasser, Stefan"]
[Result "1-0"]
[WhiteElo "1729"]
[BlackElo "1504"]
[PlyCount "75"]
[EventDate "1999.01.23"]
[EventType "swiss"]
[EventRounds "7"]
[EventCountry "GER"]
[SourceTitle "EXT 2015"]
[Source "ChessBase"]
[SourceDate "2014.11.20"]
[SourceVersion "1"]
[SourceVersionDate "2014.11.20"]
[SourceQuality "1"]

1. e4 e5 2. Nf3 Nc6 3. d4 exd4 4. Nxd4 Nxd4 5. Qxd4 d6 6. Bc4 Be6 7. Nc3 c5 8. Qd3 a6 9. a4 Be7 10. 0-0 Nf6 11. f4 Nd7 12. Bxe6 fxe6 13. Qc4 Nf8 14. f5 Qd7 15. Be3 h5 16. Rad1 b6 17. fxe6 Nxe6 18. Nd5 b5 19. axb5 axb5 20. Qd3 Qc6 21. e5 Kd7 22. Rf7 Rae8 23. exd6 Qxd6 24. Nxe7 Qxd3 25. Rxd3+ Kc7 26. Ng6+ Kc6 27. Nxh8 Rxh8 28. Re7 Nc7 29. Rxg7 c4 30. Bf4 cxd3 31. Rxc7+ Kb6 32. cxd3 Rf8 33. g3 Rxf4 34. gxf4 Kxc7 35. Kf2 Kd6 36. b4 Kd5 37. Ke3 h4 38. h3 1-0

[Event "Mittelfranken Mitte-ch 9899"]
[Site "Zirndorf"]
[Date "1999.??.??"]
[Round "1"]
[White "Konsek, Peter"]
[Black "Bayer, Rolf"]
[Result "1-0"]
[WhiteElo "1990"]
[BlackElo "1729"]
[PlyCount "51"]
[EventDate "1999.01.23"]
[EventType "swiss"]
[EventRounds "7"]
[EventCountry "GER"]
[SourceTitle "EXT 2015"]
[Source "ChessBase"]
[SourceDate "2014.11.20"]
[SourceVersion "1"]
[SourceVersionDate "2014.11.20"]
[SourceQuality "1"]

1. e4 d6 2. d4 Nf6 3. Nc3 g6 4. Be2 Bg7 5. h4 h5 6. Nh3 c5 7. d5 a6 8. a4 Qa5 9. Bd2 Qb6 10. Ng5 Nbd7 11. a5 Qd8 12. 0-0 0-0 13. f4 b5 14. axb6 Qxb6 15. Na4 Qc7 16. Bc3 Bb7 17. f5 Nh7 18. Bxg7 Kxg7 19. Nxh7 Kxh7 20. Bxh5 gxh5 21. Qxh5+ Kg7 22. Ra3 Rh8 23. Rg3+ Kf6 24. Qg5+ Ke5 25. Qxe7+ Kd4 26. Rc3 1-0

[Event "Mittelfranken Mitte-ch 9899"]
[Site "Zirndorf"]
[Date "1999.??.??"]
[Round "7"]
[White "Schanz, Karlheinz"]
[Black "Bayer, Rolf"]
[Result "1-0"]
[WhiteElo "1819"]
[BlackElo "1729"]
[PlyCount "79"]
[EventDate "1999.01.23"]
[EventType "swiss"]
[EventRounds "7"]
[EventCountry "GER"]
[SourceTitle "EXT 2015"]
[Source "ChessBase"]
[SourceDate "2014.11.20"]
[SourceVersion "1"]
[SourceVersionDate "2014.11.20"]
[SourceQuality "1"]

1. d4 Nf6 2. c4 e5 3. dxe5 Ng4 4. Nf3 Bb4+ 5. Bd2 Qe7 6. Nc3 Nxe5 7. e3 d6 8. Be2 Be6 9. Nxe5 dxe5 10. a3 Bxc3 11. Bxc3 Nc6 12. Qa4 0-0 13. b4 a6 14. Qc2 Qg5 15. 0-0 Bf5 16. Qc1 e4 17. Kh1 Rfe8 18. b5 Ne5 19. Qb2 Ng4 20. Rad1 Re6 21. Bxg4 Bxg4 22. Rd5 f5 23. Be5 h5 24. Rd7 Re7 25. Bf4 Qh4 26. Rxc7 Rxc7 27. Bxc7 axb5 28. cxb5 Qe7 29. b6 Rxa3 30. h3 Rd3 31. hxg4 hxg4 32. Qe5 Qd7 33. Qa1 g5 34. Qa8+ Kg7 35. Qxb7 Kg6 36. Qa6 Qh7+ 37. Kg1 f4 38. b7+ Kf7 39. exf4 Rh3 40. gxh3 1-0